000
00271nam a22001217a 4500
020
_a
9789351110323
082
_a
664.002
_b
TIL/FO
100
_a
Tilak Ram
_9
979
245
_a
Food Chemistry
260
_a
New Delhi
_b
Random Publications
_c
2013
300
_a
327
942
_c
BK
999
_c
14566
_d
14566